00317nam a2200121Ia 4500008004100000100002300041245008200064260001200146260001100158260000900169300000700178650001000185160123s9999 xx 000 0 und d10aJayathilake D.S.Y. 4aThe Study of In Vitro Antibacterial Activity of 3 - amino - 2 - Phenylpropene aColombo bIchemc c2013 a25 aAmino